01449 a2200205 45000010006000000050017000060080041000230030015000640400040000790800113001192450103002320200022003352500012003572640040003693000024004095050638004331000021010717000024010928560127011161518920260407155449.0260407a2006 arg spa dAR-UNSa-BCEJYS aAR-UNSa-BCEJYSbspacAR-UNSa-BCEJYS a004.5xInteracción hombre-ordenador. Interfaz hombre-máquina. Interfaz del usuario. Entorno del usuario 10aDiseño de interfaces de usuariopestrategias para una interacción persona-computadora efectiva a978-84-205-4803-6 a4a. ed. 1aMadrid :bPearson Educaciónc2006 axvi, 722 p.c24 cm. a1. Usabilidad de sistemas interactivos - 2. Guías, principios y teorías - 3. Gestión de procesos de diseño - 4. Evaluación de diseños de interfaz - 5. Herramientas software - 6. Manipulación directa y entornos virtuales - 7. Menús, formularios y cuadros de diálogo - 8. Lenguajes de órdenes y lenguaje natural - 9. Dispositivos de interacción - 10. Colaboración - 11. Calidad de servicio - 12. Equilibrio entre funcionalidad y apariencia - 13. Manuales de usuario, ayuda en línea y tutoriales - 14. Búsqueda y visualización de información - 15. Impacto individual y social de las interfaces de usuario1 aShneiderman, Ben1 aPlaisant, Catherine41uhttps://biblioeco.unsa.edu.ar/pmb/images/libros/Dise?o de Interfaces de Usuario-l119003.jpgyImagen de portadaqimage/jpeg